000 01005njm a22002777a 4500
005 20100901115333.0
006 a|||||r|||||00| 0
007 sd ammalaaahaa
008 100901t xxu||||| |||| 00| 0 eng d
028 _a2394 287
_bEMI
035 _aGR-03873
040 _aSED
_cSED
100 _aShahbaz Qalndar
_917891
245 _aNon stop dhamal /
_cby Shahbaz Qalndar & Runa Lail ; music by Nisar Bazmi ; lyric by Purnam Allahbadi
_h[Sound recording]
260 _aDUM DUM, India
_bEMI
_c1983
300 _a1 Sound disc [Gramophone Recording] :
_banalog, 33 1/3 rpm
_c12 in. (LP)
_fGramophone Record
500 _aBrief record
500 _aRecord Labels : EMI,Bruan
505 _aSide-1 (Runa sings Shahbaz Qalndar) (Shahbaz Qalndar)
600 _2Shahbaz Qalndar
650 _aUrdu
_xExcerpts
_zIndia
_917892
700 _920866
_aNisar Bazmi
700 _aPurnam Allahbadi
_921038
942 _2ddc
_cGR
999 _c47364
_d47364